000 00419nam a2200181Ia 4500
005 20240823033355.0
008 240823s9999||||xx |||||||||||||| ||und||
041 _aENGLISH
082 _A519 N1
100 _aBala Nagammal .D
245 0 _aMathematics
250 _a2nd
260 _c1991
_b"Pratheeba,Coimbatore"
500 _aTRANSFERED
650 _aMathematics
_bMathematics
942 _cBK
999 _c195663
_d195663